| 000 | 00557nam a22001697a 4500 | ||
|---|---|---|---|
| 020 | _a978-81-291-3893-4 | ||
| 082 |
_a823 _bAUS/J |
||
| 100 | _aAUSTEN, JANE | ||
| 100 | _aWILDE, OSCAR | ||
| 245 |
_aPRIDE AND PREJUDICE ; THE DEVOTED FRIEND; THE GOLD BUG; THE MILL ON THE FLOSS _bJUNIOR CLASSICS |
||
| 246 |
_aPRIDE AND PREJUDICE ; THE DEVOTED FRIEND; THE GOLD BUG; THE MILL ON THE FLOSS _bJUNIOR CLASSICS |
||
| 260 |
_aNEW DELHI _bRUPA PUBLICATIONS INDIA PVT. LTD _c2016 |
||
| 300 | _a127 | ||
| 520 | _aSHORT STORY | ||
| 650 | _aSHORT STORY | ||
| 942 | _cBK | ||
| 999 |
_c2991 _d2991 |
||